| 000 | 00878nam a2200229 u 4500 | ||
|---|---|---|---|
| 001 | 000637901 | ||
| 003 | AM-YeHGA | ||
| 005 | 20250617140713.0 | ||
| 008 | 090303s1973 ru |||||r||||||00|0|rus d | ||
| 040 | _aAM-YeHGA | ||
| 041 | 0 | _arus | |
| 245 | 0 | 0 |
_aРадиоспектроскопия : _bсб. статей / _cОтв. ред. Б.М. Козырев; АН СССР, Казан. физ.-техн. ин-т. |
| 260 |
_aМосква : _bНаука, _c1973. |
||
| 300 | _a316 с. | ||
| 504 | _aБиблиогр. в конце глав | ||
| 650 | 1 | 4 | _aРадиоспектроскопия |
| 653 | 2 | _aполикристаллические аминокислоты | |
| 700 | 1 |
_aКозырев, Б.М. _4edt _eред. |
|
| 710 | 2 | _aАкадемия наук СССР | |
| 710 | 2 | _aКазанский физико-технический институт | |
| 090 | _c226536 | ||
| 999 |
_c224995 _d224995 |
||